Лінгвістичні особливості дискурсу паблік рілейшнз (Запис № 283993)
[ простий вигляд ]
| 000 -LEADER | |
|---|---|
| fixed length control field | 01816nam a22001577a 4500 |
| 041 ## - LANGUAGE CODE | |
| Language code of text/sound track or separate title | ukr |
| 080 ## - UNIVERSAL DECIMAL CLASSIFICATION NUMBER | |
| Universal Decimal Classification number | 09 |
| 090 ## - LOCALLY ASSIGNED LC-TYPE CALL NUMBER (OCLC); LOCAL CALL NUMBER (OCLC) | |
| Local cutter number (OCLC) ; Book number/undivided call number, CALL (RLIN) | ГАВ |
| 100 ## - MAIN ENTRY--PERSONAL NAME | |
| Personal name | Гаврилюк К. С. |
| 245 ## - TITLE STATEMENT | |
| Title | Лінгвістичні особливості дискурсу паблік рілейшнз |
| 260 ## - PUBLICATION, DISTRIBUTION, ETC. (IMPRINT) | |
| Place of publication, distribution, etc | Острог |
| Name of publisher, distributor, etc | КАФ |
| Date of publication, distribution, etc | 2007 |
| 300 ## - PHYSICAL DESCRIPTION | |
| Extent | 64 |
| 520 ## - SUMMARY, ETC. | |
| Summary, etc | Вступ.<br/>Розділ 1. Поняття паблік рілейшнзу контексті лінгвістичного дискурсу.<br/>1.1. Поняття дискурсу в лінгвістиці.<br/>1.1.1. Дискурсивний аналіз як особлива наукова дисципліна.<br/>1.2. Паблік рілейшнз і особливості ПР-дискурсу.<br/>1.2.1. Паблік рілейшнз і споріднена з ними діяльність.<br/>1.2.2. Дискурс у сфері паблік рілейшнз.<br/>Розділ 2. Лінгвістичний аналіз мови паблік рілейшнз на основі засобів мовної комунікації.<br/>2.1. Дискурс паблік рілейшнз з точки зору лінгвістичних особливостей.<br/>2.1.1. Характерні ознаки мови преси.<br/>2.1.2. Публіцистичний стиль мовлення.<br/>2.1.3. Газетний стиль мовлення.<br/>2.2. Аналіз лінгвістичних особливостей журнальних статей.<br/>2.2.1. Статті на соціальну і науково-популярну тематику (ЗМІ, побут, розваги).<br/>2.2.2. Статті фінансового спрямування.<br/>Висновки. |
| -- | дискурс, лінгвістика, комунікація |
| 650 ## - SUBJECT ADDED ENTRY--TOPICAL TERM | |
| Topical term or geographic name as entry element | Research Papers |
| 942 ## - ADDED ENTRY ELEMENTS (KOHA) | |
| Koha item type | Книги |
| Withdrawn status | Lost status | Source of classification or shelving scheme | Damaged status | Not for loan | Home library | Current library | Date acquired | Source of acquisition | Cost, normal purchase price | Total Checkouts | Full call number | Barcode | Date last seen | Price effective from | Koha item type |
|---|---|---|---|---|---|---|---|---|---|---|---|---|---|---|---|
| Universal Decimal Classification | ВІЛ - Відділ іноземн. літератури НБ | ВІЛ - Відділ іноземн. літератури НБ | 16/04/2009 | Акт №1 | 1.00 | 09 | 213277 | 20/12/2021 | 16/04/2009 | Книги |